| 000 | 00388nam a2200157Ia 4500 | ||
|---|---|---|---|
| 005 | 20250408020611.0 | ||
| 008 | 240331s9999 xx 000 0 und d | ||
| 082 |
_bNAR _a100 |
||
| 100 | _aNarayanan, K | ||
| 245 | 0 | _aSiddhar thathuvam | |
| 250 | _a2nd | ||
| 260 |
_aPuthucheri _bMaari pathippagam _c1990 |
||
| 300 | _a236 p ., | ||
| 500 | _aThe Philosophy of Siddhas (Tamil) | ||
| 942 | _cL | ||
| 999 |
_c3567 _d3567 |
||